000 01621cam a22001934a 4500
005 20250605164115.0
008 250528s ||||||||||||||||||||||||d
035 _a18057
020 _a53425134
040 _aGR-AtMCL
_bgre
_dGR-AtMCL
_eAACR2
245 1 _aSeeing Both Sides / Classic Controversies in Abnormal Psychology
260 _bBrooks/Cole Publishing Company,
_c1995
300 _a498
520 _aThis book gives you the tools to evaluate critically these and other, related questions throughout your life. Preface, Classification and Diagnosis, Is Mental Illness a Myth?, Are Mental Health Professionals Incapable of Distinguishing Abnormality from Normality?, Was DSM-III an Important Advance?, Is the Diagnostic System Biased Against Women?, Psychopathology: Its Characteristics and Causes, Does Schizophrenia Have a Substantial Genetic Component?, Can Anxiety and Depression Be Meaningfully Differentiated?, Does Evidence Support the ''Disease Model'' of Alcoholism?, Is Multiple Personality Disorder a Distinct Syndrome?, Is Borderline Personality Disorder a Diagnosis of Questionable Validity?, Is Sex Reassignment Surgery Ineffective in Improving the Adjustment of Transsexuals?, Is Childhood Depression an Imaginary Entity?, Psychological and Somatic Treatment, Is Psychotherapy Effective?, Is Cognitive-Behavioral Therapy an Important Advance Over Behavior Therapy?, Can Alcoholics Successfully Achieve Controlled Drinking?, Legal and Ethical Issues, Is Mental Illness Unrelated to Violence?, Index.
700 1 _aLilienfeld Scott O.
_94346
942 _cBK
999 _c3449
_d3449